Statistics for North American Animals

Click here to take the quiz!

General Stats

  • This quiz has been taken 29 times
  • The average score is 12 of 15

Answer Stats

Answer% Correct
Bison
92%
Coyote
92%
Grizzly
92%
Moose
92%
Otter
92%
Beaver
88%
Armadillo
84%
Bobcat
84%
Deer
84%
Badger
76%
Opossum
76%
Rattle Snake
76%
Cougar
72%
Red Fox
72%
Weasel
52%

Score Distribution

Percentile by Number Answered

Percent of People with Each Score

Your Score History

You have not taken this quiz